000 01033nam a2200313Ia 4500
001 Para_5776
003 CHAP
008 220125s1971 xx 000 0 und d
010 _a204271
040 _cCHAP
090 _aPA TESIS 103
100 _aEstrada Salazar, Jorge
_938439
245 _aEstudio de poblaciones de insectos benéficos y perjudiciales y evaluación del combate químico en algodonero en la Comarca Lagunera /
_c por Jorge Estrada Salazar
260 _aChihuahua, Chih.
300 _a64 h.
502 _aTesis (Ing. Agr.) Universidad Autónoma de Chihuahua
650 _aAlgodón
_x plagas
_94046
650 _aAlgodón
_x Comarca Lagunera
_93989
650 _aControl biológico de insectos
_927582
650 _aEntomología económica
_937145
710 _aUniversidad Autónoma de Chihuahua
_9116314
901 _aPA TESIS 103
902 _aA
905 _a0000001971 a 0000000000 00
910 _a1971
942 _cPARA
942 _cPARA
_d1
999 _c204271
_d204271